| 000 | 00427nam a22001697a 4500 | ||
|---|---|---|---|
| 003 | SGT | ||
| 020 | _a9789389335798 | ||
| 082 |
_a615.19 _bF24R |
||
| 100 | _aROCHE, VICTORIA.F. | ||
| 245 | _aFOYE'S PRINCIPLES OF MEDICINAL CHEMISTRY | ||
| 250 | _a8TH | ||
| 260 |
_aNEW YORK _bWOLTERS KLUWER _c2024 |
||
| 300 | _a1626 | ||
| 650 | _aMEDICINAL CHEMISTRY | ||
| 653 | _aFOYE. PRINCIPLES , MEDICINAL, CHEMISTRY | ||
| 942 |
_2ddc _cBK |
||
| 999 |
_c26452 _d26452 |
||